الإنجيل الخامس : (رقم التسجيلة. 120006)

تفاصيل مارك
000 -الفاتح
عناصر البيانات ثابتة الطول 00787cam a2200205 i 4500
005 - تاريخ ووقت آخر معاملة
حقل ضبط 20251126124656.0
008 - عناصر البيانات ثابتة الطول
عناصر البيانات ثابتة الطول 250721s2009 jo gr 000 0 ara d
082 14 - رقم تصنيف ديوي العشري
رقم التصنيف 211.81
رقم المادة ز ي ن
100 1# - مدخل رئيسي – اسم شخصي
الاسم الشخصي زيني، عبد الحسين
علاقة الشخص بالعمل/ دوره مؤلف.
245 12 - بيان العنوان
العنوان الإنجيل الخامس :
بقية العنوان سيرة السيد المسيح علية السلام كما وردت في القرآن الكريم /
بيان المسؤولية الدكتور عبدالحسين زيني.
250 ## - بيان الطبعة
بيان الطبعة الطبعه الاولى .
264 31 - بيانات النشر، التوزيع…إلخ
مكان النشر، التوزيع...إلخ عمان :
اسم الناشر، الموزع...إلخ دار أيلة للنشر والتوزيع،
تاريخ النشر، التوزيع...إلخ 2009.
300 ## - الوصف المادي
عدد الوحدات المكونة للوعاء 73 صفحة.
650 17 - مدخل إضافي بالموضوع - مصطلح موضوعي
مصطلح موضوعي أو اسم جغرافي كعنصر مدخل قصص القرآن.
650 17 - مدخل إضافي بالموضوع - مصطلح موضوعي
مصطلح موضوعي أو اسم جغرافي كعنصر مدخل الأناجيل.
650 17 - مدخل إضافي بالموضوع - مصطلح موضوعي
مصطلح موضوعي أو اسم جغرافي كعنصر مدخل المسيح.
650 17 - مدخل إضافي بالموضوع - مصطلح موضوعي
مصطلح موضوعي أو اسم جغرافي كعنصر مدخل القرآن الكريم.
942 ## - بيانات إضافية (كوها)
نوع التنصيف Dewey Decimal Classification
نوع المادة (كوها) كتب
المقتنيات
حالة السحب حالة الفقدان مصدر التصنيف حالة التلف غير قابل للإعارة المكتبة الرئيسية المكتبة الحالية موقع الرف تاريخ التزويد الرقم المتسلسل Total Checkouts رقم الإستدعاء الباركود تاريخ آخر ظهور تاريخ الفاتورة نوع المادة (كوها)
    Dewey Decimal Classification     المكتبة المركزية المكتبة المركزية الإعارة 28/07/2025 1376633   211.81 / ز ي ن PLD00145058 28/07/2025 28/07/2025 كتب
    Dewey Decimal Classification     المكتبة المركزية المكتبة المركزية مقتنيات قسم التزويد 28/07/2025 1483553   211.81/زين   28/07/2025 28/07/2025 كتب
    Dewey Decimal Classification     المكتبة المركزية المكتبة المركزية مقتنيات قسم التزويد 28/07/2025 1739334   211.81/زين   28/07/2025 28/07/2025 كتب
    Dewey Decimal Classification     مكتبة أبو علندا العامة مكتبة أبو علندا العامة الإعارة 26/04/2010 1376640   211.81/زين PLD00145290 28/07/2025 26/04/2010 كتب
    Dewey Decimal Classification     مكتبة أم قصير والمقابلين العامة مكتبة أم قصير والمقابلين العامة الإعارة 26/04/2010 1376647   211.81/زين PLD00145283 28/07/2025 26/04/2010 كتب
    Dewey Decimal Classification     مكتبة الأميرة ايمان العامة مكتبة الأميرة ايمان العامة الإعارة 26/04/2010 1376641   211.81/زين PLD00145289 28/07/2025 26/04/2010 كتب
    Dewey Decimal Classification     مكتبة البراعم الواعدة مكتبة البراعم الواعدة الإعارة 26/04/2010 1376638   211.81/زين PLD00145292 28/07/2025 26/04/2010 كتب
    Dewey Decimal Classification     مكتبة الجويدة مكتبة الجويدة الإعارة 26/04/2010 1376643   211.81/زين PLD00145287 28/07/2025 26/04/2010 كتب
    Dewey Decimal Classification     مكتبة النصر العامة مكتبة النصر العامة الإعارة 26/04/2010 1376645   211.81/زين PLD00145285 28/07/2025 26/04/2010 كتب
    Dewey Decimal Classification     مكتبة حمزة العامة مكتبة حمزة العامة الإعارة 26/04/2010 1376650   211.81/زين PLD00145280 28/07/2025 26/04/2010 كتب
    Dewey Decimal Classification     مكتبة وادي السير العامة مكتبة وادي السير العامة الإعارة 26/04/2010 1376651   211.81/زين PLD00145279 28/07/2025 26/04/2010 كتب
Implemented & Customized by: BBB with SCIT (Smart Chains for Information Technology)

Powered by Koha